000
00298nam a2200121Ia 4500
005
20260328104257.0
008
260328s9999||||xx |||||||||||||| ||und||
100
_a
Padilla, Sergio
245
0
_a
Habitat sustentable /
_c
Sergio Padilla
260
_b
Azcapotzalco
650
_a
URBANISMO
942
_c
BK
999
_c
10485
_d
10485